Kaalam novelil varachath - (Record no. 84953)
[ view plain ]
| 000 -LEADER | |
|---|---|
| fixed length control field | 00711nam a22002657a 4500 |
| 003 - CONTROL NUMBER IDENTIFIER | |
| control field | OSt |
| 005 - DATE AND TIME OF LATEST TRANSACTION | |
| control field | 20250211102729.0 |
| 008 - FIXED-LENGTH DATA ELEMENTS--GENERAL INFORMATION | |
| fixed length control field | 250211b |||||||| |||| 00| 0 eng d |
| 040 ## - CATALOGING SOURCE | |
| Transcribing agency | STCPL |
| 041 ## - LANGUAGE CODE | |
| Language code of text/sound track or separate title | Malayalam |
| 100 ## - MAIN ENTRY--PERSONAL NAME | |
| Personal name | Bony Thomas |
| 245 ## - TITLE STATEMENT | |
| Title of the article | Kaalam novelil varachath - |
| Title in other language | കാലം നോവലിൽ വരച്ചത് |
| 246 ## - Journal / Periodical | |
| Title of the journal or magazine | Mathrubhumi weekly |
| Volume, Issue | Vol.102; No.48 - |
| Month & Year | 16 Feb. 2025 |
| Pages | pp. 16-23 |
| 630 ## - SUBJECT ADDED ENTRY--UNIFORM TITLE | |
| Uniform title | Malayalam |
| 650 ## - SUBJECT ADDED ENTRY--TOPICAL TERM | |
| Topical term | Literature |
| 650 ## - SUBJECT ADDED ENTRY--TOPICAL TERM | |
| Topical term | Fiction |
| 650 ## - SUBJECT ADDED ENTRY--TOPICAL TERM | |
| Topical term | Graphic novel |
| 650 ## - SUBJECT ADDED ENTRY--TOPICAL TERM | |
| Topical term | G Aravindan |
| 650 ## - SUBJECT ADDED ENTRY--TOPICAL TERM | |
| Topical term | Comics |
| 650 ## - SUBJECT ADDED ENTRY--TOPICAL TERM | |
| Topical term | A contract with god and other tenement strories |
| 650 ## - SUBJECT ADDED ENTRY--TOPICAL TERM | |
| Topical term | Will Eisner |
| 942 ## - ADDED ENTRY ELEMENTS (KOHA) | |
| Koha item type | Journal Articles |
| 942 ## - ADDED ENTRY ELEMENTS (KOHA) | |
| Source of classification or shelving scheme | Dewey Decimal Classification |
| Suppress in OPAC | No |
| 942 ## - ADDED ENTRY ELEMENTS (KOHA) | |
| Source of classification or shelving scheme | Dewey Decimal Classification |
| Suppress in OPAC | No |
| Withdrawn status | Lost status | Source of classification or shelving scheme | Damaged status | Not for loan | Collection code | Home library | Current library | Shelving location | Date acquired | Total Checkouts | Date last seen | Price effective from | Koha item type |
|---|---|---|---|---|---|---|---|---|---|---|---|---|---|
| Dewey Decimal Classification | Malayalam | ST. THOMAS COLLEGE LIBRARY, PALAI | ST. THOMAS COLLEGE LIBRARY, PALAI | Back Volumes Section | 2025-02-11 | 2025-02-11 | 2025-02-11 | Journal Articles |
